Sports Quiz

Random Sports or World Cup Quiz
Score 0/10 Timer 00:30
0 Plays Today
Question Answer % Correct
Goal ScorerNo Goals scored by Greece
100%
CoachAlketas Panagoulias (Greece)
72.7%
OpponentArgentina (H) (Group Stage)
67.3%
OpponentNigeria (A) (Group Stage)
65.5%
OpponentBulgaria (A) (Group Stage)
56.4%
Score4-0
52.7%
Score2-0
47.3%
Score0-4
45.5%
Final PositionGroup Stage
34.5%
CaptainDimitris Saravakos (FW)
27.3%

You're not logged in!

Compare scores with friends on all Sporcle quizzes.
OR
Log In

Sporcle TV

Today on Sporcle TV


Watch our educational content, quiz creation guides, and fun videos on Sporcle TV.

Show Comments

Extras

Created Jan 27, 2017SourceReportNominate
Tags:World Cup Quiz, 1994

Top Quizzes Today


Score Distribution

Paid Content

Your Account Isn't Verified!

In order to create a playlist on Sporcle, you need to verify the email address you used during registration. Go to your Sporcle Settings to finish the process.

Report this User

Report this user for behavior that violates our Community Guidelines.

Details: